000 00328nam a2200133 a 4500
008 961111s1977||||xx 0 und c
040 _aSNK
_bslo
_cSNK
_eAACR2
245 1 0 _aZáklady Marxisticko-Leninskej filozofie
260 _aBratislava
_bPravda
_c1977
300 _a232 s.
041 _aslo
044 _axo
_cSK
020 _c36
999 _c15536
_d15536